000
00199 a2200097 4500
020
_a
9780545750349
041
_a
spa
100
_a
Jonna Cole
245
_a
El autobus magico vuela del nido
942
_c
K
999
_c
30527
_d
30525